000 00496nam a22001817a 4500
005 20240109140027.0
008 190603b xxu||||| |||| 00| 0 eng d
020 _a978-93-87397-47-7
041 _aeng
082 _a615.31
_bGOK-N
100 _aGOKHALE,S.B PATWARDHA ,SUNETRA AND JOSHI , ADITI KULKARNI
_98349
245 _aNATURAL DRUG TECHNOLOGY (SEM-VII)
250 _a2nd, ed. 2019
260 _aPUNE
_bNIRALI PRAKASHAN
300 _a1.4p,
650 _aPHARMACY
_xB.PHARMA
942 _cBK
999 _c5913
_d5911